Mädel im kampf, erlebnisse und erzählungen, (Record no. 1829)

MARC details
000 -LEADER
fixed length control field 00777cam a22002531 4500
001 - CONTROL NUMBER
control field af 47002673
003 - CONTROL NUMBER IDENTIFIER
control field DLC
005 - DATE AND TIME OF LATEST TRANSACTION
control field 20260227110815.0
008 - FIXED-LENGTH DATA ELEMENTS--GENERAL INFORMATION
fixed length control field 930506s1941 gw f 000 0 ger c
010 ## - LIBRARY OF CONGRESS CONTROL NUMBER
LC control number af 47002673
035 ## - SYSTEM CONTROL NUMBER
System control number (OCoLC)28056552
040 ## - CATALOGING SOURCE
Original cataloging agency Yale univ. Library
Transcribing agency CU
Modifying agency DLC
042 ## - AUTHENTICATION CODE
Authentication code premarc
050 00 - LIBRARY OF CONGRESS CALL NUMBER
Classification number HQ799.G5
Item number D3
082 ## - DEWEY DECIMAL CLASSIFICATION NUMBER
Classification number 943.086
100 1# - MAIN ENTRY--PERSONAL NAME
Personal name Dargel, Margarete.
245 10 - TITLE STATEMENT
Title Mädel im kampf, erlebnisse und erzählungen,
Statement of responsibility, etc. herausgegeben von Margarete Dargel.
250 ## - EDITION STATEMENT
Edition statement 14.-18. tausend.
260 ## - PUBLICATION, DISTRIBUTION, ETC.
Place of publication, distribution, etc. Wolfenbüttel,
-- Berlin,
Name of publisher, distributor, etc. G. Kallmeyer,
Date of publication, distribution, etc. 1941.
300 ## - PHYSICAL DESCRIPTION
Extent 143, [1] p.
Other physical details plates.
Dimensions 19 cm.
500 ## - GENERAL NOTE
General note Preface signed: Margarete Dargel-Mallmann.
610 20 - SUBJECT ADDED ENTRY--CORPORATE NAME
Corporate name or jurisdiction name as entry element Bund Deutscher Mädel.
650 #0 - SUBJECT ADDED ENTRY--TOPICAL TERM
Topical term or geographic name entry element World War, 1939-1945
Geographic subdivision Germany.

No items available.

Powered by Koha